00616nam a22001817a 450000500170000001000150001702000260003203500140005803700130007208200110008510000190009624501490011526000370026427000710030130000200037270000230039270000190041520190529150132.0 aENG-125387 a9788188569625c125.00 aEN-108919 bDBAD/PUB a410.92 aJois, Leena B. aFounders and guardians of the Asiatic society of Mumbai :cby Leela B.Jois [and] Purnima Srikrishna ; ed.by Aroon TikekarbJohn faithful fleet / aMumbaibIndus Source Booksc2014 aPO Box 6194, Malabar Hill PObMumbaie400006minfo@indussource.com a104pc22cm(pbk) aSrikrishna,Purnima aTikekar, Aroon